000 00796nam a2200253Ia 4500
003 OSt
005 20220926022606.0
006 a|||||r|||| 00| 0
007 ta
008 220923b |||||||| |||| 00| 0 eng d
037 _cGeneral Book
040 _aRTL
_cRTL
_beng
041 _2eng
_aeng
082 _aX9(J3).1(X).N6, K9/UN
110 _aUnited Naitons Industrial Developmetn Organization
_9328033
245 0 _aFood processing industry
260 _aNew York
_bUnited Nations USA
_c1969
300 _aix, 77p.
_ccm.
490 _aIts Monographs on industrial developmetn 9
650 _aFood Industry
700 _aUnited Naitons Industrial Developmetn Organization
_9328034
942 _hX9(J3).1(X).N6, K9/UN
_cGB
_2CC
999 _c639834
_d639834